| 000 | 00735nmm a2200193Ia 4500 | ||
|---|---|---|---|
| 008 | 251105s9999||||xx |||||||||||||||||und|| | ||
| 041 | _aspa | ||
| 100 | _aLópez Palomeque, Francisco | ||
| 245 | 0 |
_aEl turismo, ¿fin de época? : _b Desafíos de España como destino turístico en un nuevo escenario |
|
| 264 |
_a[Madrid, España] : _bPublicaciones de la Universidad de Valencia (PUV), _c[Fecha de publicación no identificada] |
||
| 300 | _a0 páginas | ||
| 490 | _aDesarrollo territorial | ||
| 700 | _aLópez Palomeque, Francisco | ||
| 700 | 1 | _a Vera Rebollo, José Fernando | |
| 700 | 1 | _a Torres Delgado, Anna | |
| 700 | 1 | _a Ivars Baidal, Josep A. | |
| 856 | _uhttps://public.digitaliapublishing.com/a/113373 | ||
| 942 | _cCF | ||
| 999 |
_c68007 _d68007 |
||